000 00672nam a2200265 a 4500
001 nice12345678
003 IN_TiNIC
005 20260116012253.0
008 050524s1978 lona grp 000 0 eng
020 _a0713942
_c596.25
082 0 0 _a954.0317
_bHIB
100 _aHibbert, Christopher
245 _aGreat Mutiny of India 1857
260 _aLondon
_bAllen Lane, Penguin Books
_c1978
300 _a472p
500 _aincludes index and biblioraphy
505 2 _aIndex
650 _aBritish-India
650 _aMughal India
650 _aIndia-Historiography
700 1 _aHibbert, Christopher
902 _bSRS
942 _cBK
999 _c6328
_d6328